000 00781nam a22001937a 4500
999 _c2859
_d2859
003 AR-CdUCM
008 190305b ||||| |||| 00| 0 spa d
040 _aMUNICIPALIDAD PROVINCIAL DEL CUSCO
_cBIBLIOTECA MUNICIPAL DEL CUSCO
082 _a373.61 /
_bM84
100 _aMoriano Alendez, José
_99909
245 _aMetodología :
_btécnicas de estudio y aprendizaje /
260 _aCusco :
_bDiseños,
_c2008.
300 _a125 páginas ;
_bimágenes,
_c20 cm.
505 _aComo se estudia y aprende -- Métodos para escuchar y tomar apuntes -- Adquirir una excelente memoria y trabajar en grupo -- La lectura y mapas conceptuales...
650 _aMetodología de enseñanza.
_99720
650 _aTécnicas de aprendizaje.
_99910
942 _2ddc
_cLIBROS
945 _awfj
_d2019-03-05